Cây táo và kỹ thuật trồng

שמור ב:
מידע ביבליוגרפי
מחבר ראשי: Trần Thế Tục
פורמט: ספר
שפה:Undetermined
יצא לאור: H. LĐXH 2002
נושאים:
תגים: הוספת תג
אין תגיות, היה/י הראשונ/ה לתייג את הרשומה!
Thư viện lưu trữ: Trung tâm Học liệu Trường Đại học Cần Thơ
LEADER 00506nam a2200193Ia 4500
001 CTU_58592
008 210402s9999 xx 000 0 und d
020 |b 6000 
082 |a 634.11 
082 |b T506 
100 |a Trần Thế Tục 
245 0 |a Cây táo và kỹ thuật trồng 
245 0 |c Trần Thế Tục 
260 |a H. 
260 |b LĐXH 
260 |c 2002 
650 |a fruit trees,rhamnales 
904 |i Minh 
980 |a Trung tâm Học liệu Trường Đại học Cần Thơ